000 00706nam a2200181Ia 4500
008 090124s9999 xx 000 0 und d
082 _b30156
100 _aवडेर प्रल्हाद
245 _a ना. सी. फडके एक चिकित्सक अभ्यास
250 _a1
260 _bराजहंस प्रकाशन
_c1990
300 _a256
600 _aवडेर प्रल्हाद
630 _a ना. सी. फडके एक चिकित्सक अभ्यास
700 _aवडेर प्रल्हाद
730 _a ना. सी. फडके एक चिकित्सक अभ्यास
942 _cBOOK
999 _c98142
_d98142